[Event "Piestany Slovakia op"]
[Site "Piestany"]
[Date "2021.07.10"]
[Round "1"]
[White "Jablonicky, Martin"]
[Black "Sokolovsky, Jakub"]
[Result "1-0"]
[WhiteElo "2298"]
[BlackElo "1779"]
[PlyCount "65"]
[EventDate "2021.07.10"]
[EventType "swiss"]
[EventRounds "9"]
[EventCountry "SVK"]
[SourceTitle "CBM 203 Extra"]
[Source "ChessBase"]
[SourceDate "2021.09.30"]
[SourceVersion "1"]
[SourceVersionDate "2021.09.30"]
[SourceQuality "1"]

1. e4 c5 2. Nf3 d6 3. d4 cxd4 4. Nxd4 Nf6 5. Nc3 a6 6. Bc4 e6 7. Bb3 b5 8. f4 Bb7 9. f5 e5 10. Nde2 Qb6 11. Qd3 Nbd7 12. Ng3 Nc5 13. Qe2 Be7 14. Bg5 Nxb3 15. axb3 Rc8 16. 0-0-0 h6 17. Bxf6 Bxf6 18. Kb1 Rc5 19. Nh5 Ke7 20. Rd3 Rd8 21. Rhd1 a5 22. g4 Qa6 23. Nxf6 gxf6 24. Qe3 Rcc8 25. Qxh6 a4 26. g5 fxg5 27. Qxg5+ Ke8 28. Qg8+ Ke7 29. f6+ Ke6 30. Qg4+ Kxf6 31. Rf1+ Ke7 32. Rxf7+ Kxf7 33. Rf3+ 1-0

[Event "Liptovsky Jan Slovak op U2200"]
[Site "Liptovsky Jan"]
[Date "2021.06.17"]
[Round "1"]
[White "Furman, Slavomir"]
[Black "Sokolovsky, Jakub"]
[Result "0-1"]
[WhiteElo "1744"]
[BlackElo "1000"]
[PlyCount "74"]
[EventDate "2021.06.17"]
[EventType "swiss"]
[EventRounds "7"]
[EventCountry "SVK"]
[SourceTitle "CBM 203 Extra"]
[Source "ChessBase"]
[SourceDate "2021.09.30"]
[SourceVersion "1"]
[SourceVersionDate "2021.09.30"]
[SourceQuality "1"]

1. d4 d5 2. c4 e6 3. Nc3 Nf6 4. cxd5 exd5 5. Bg5 Be7 6. e3 h6 7. Bh4 0-0 8. Bd3 b6 9. Nf3 Bb7 10. 0-0 Nbd7 11. Rc1 Rc8 12. Bb1 c5 13. dxc5 Nxc5 14. Qc2 Nfe4 15. Bxe7 Qxe7 16. Rfd1 Rfd8 17. Nd4 Qg5 18. a3 Rd6 19. Nf3 Qh5 20. b4 Rg6 21. Qe2 Nb3 22. Rc2 Rxc3 23. Nd4 Qg5 24. f3 Nxd4 25. exd4 Re3 26. Qf1 Nc3 27. Rdc1 Nxb1 28. Rxb1 Rxa3 29. Qf2 Ba6 30. Rc7 Qe3 31. Rxa7 Qxf2+ 32. Kxf2 Ra2+ 33. Ke3 Rgxg2 34. Rc1 Rae2+ 35. Kf4 g5+ 36. Kf5 Bd3+ 37. Kf6 Re6# 0-1